A Centenary volume : 1877-1977

Bibliographic Details
Format: Book
Published: Kuala Lumpur : MBRAS , 1977
Series:MBRAS report No 4
Subjects:

MARC

LEADER 00000cam a2200000 7i4500
001 0000002822
002 000003053
005 20000330.0
020 |a T000000277 
090 0 0 |a 959.509   |b CEN 
245 0 2 |a A Centenary volume :   |b 1877-1977 
260 |a Kuala Lumpur :   |b MBRAS ,   |c 1977 
300 |a 358p. ;   |c 24cm. 
490 0 |a MBRAS report No 4 
650 0 0 |a Malaysia   |x History 
999 |a 00161206   |b BUKU   |c MALAYSIANA   |e PERPUSTAKAAN KOMUNITI PETALING JAYA 
999 |a 036426   |b BUKU   |c MALAYSIANA   |e PERPUSTAKAAN KOMUNITI PETALING JAYA